| 000 | 00336nam a2200133Ia 4500 | ||
|---|---|---|---|
| 005 | 20251222143305.0 | ||
| 008 | 251222s9999||||xx |||||||||||||| ||spa|| | ||
| 020 | _a84-7635-644-7 | ||
| 082 | _a465/B74 | ||
| 100 | _aBordón, Teresa | ||
| 245 | 0 | _aLa Evaluación de la Lengua en El Marco de E/2L: | |
| 264 | _bArco Libros | ||
| 942 | _cLIB | ||
| 999 |
_c15473 _d15473 |
||